Vi nấm duÌ€ng trong công nghêÌ£ sinh hoÌ£c

Giới thiêÌ£u kiến thức vêÌ€ vi sinh vâÌ£t vaÌ€ công nghêÌ£ sinh hoÌ£c phuÌ£c vuÌ£ viêÌ£c đaÌ€o taÌ£o trong vaÌ€ trên đaÌ£i hoÌ£c ở các trươÌ€ng chuyên ngaÌ€nh vi sinh vâÌ£t, laÌ€m taÌ€i liêÌ£u tham khảo đối với các cán bôÌ£ giả...

Description complète

Enregistré dans:
Détails bibliographiques
Auteur principal: BuÌ€i, Xuân ĐôÌ€ng
Autres auteurs: Nguyễn, Huy Văn
Format: Livre
Langue:Undetermined
Publié: H. Khoa hoÌ£c vaÌ€ kỹ thuâÌ£t 2000
Sujets:
Accès en ligne:http://lrc.tdmu.edu.vn/opac/search/detail.asp?aID=2&ID=6971
Tags: Ajouter un tag
Pas de tags, Soyez le premier à ajouter un tag!
Thư viện lưu trữ: Trung tâm Học liệu Trường Đại học Thủ Dầu Một
LEADER 01401nam a2200217Ia 4500
001 TDMU_6971
008 210410s9999 xx 000 0 und d
082 |a 579 
090 |b B534 
100 |a BuÌ€i, Xuân ĐôÌ€ng 
245 0 |a Vi nấm duÌ€ng trong công nghêÌ£ sinh hoÌ£c 
245 0 |c BuÌ€i Xuân ĐôÌ€ng, Nguyễn Huy Văn 
260 |a H. 
260 |b Khoa hoÌ£c vaÌ€ kỹ thuâÌ£t 
260 |c 2000 
300 |a 201tr. 
520 |a Giới thiêÌ£u kiến thức vêÌ€ vi sinh vâÌ£t vaÌ€ công nghêÌ£ sinh hoÌ£c phuÌ£c vuÌ£ viêÌ£c đaÌ€o taÌ£o trong vaÌ€ trên đaÌ£i hoÌ£c ở các trươÌ€ng chuyên ngaÌ€nh vi sinh vâÌ£t, laÌ€m taÌ€i liêÌ£u tham khảo đối với các cán bôÌ£ giảng daÌ£y, nghiên cứu sinh hoÌ£c, công nghêÌ£ sinh hoÌ£c vaÌ€ những ngươÌ€i công tác chuyên môn liên quan 
650 |a Vi nấm trong công nghêÌ£ sinh hoÌ£c; Sinh hoÌ£c; Vi nấm; Vi sinh vâÌ£t; Công nghêÌ£ sinh hoÌ£c 
700 |a Nguyễn, Huy Văn 
856 |u http://lrc.tdmu.edu.vn/opac/search/detail.asp?aID=2&ID=6971 
980 |a Trung tâm Học liệu Trường Đại học Thủ Dầu Một